Gminy powiatu ostrowieckiego - Statystyki

Ogólne statystyki
  • Ten quiz został rozwiązany 35 razy
  • Średni wynik to 4 z 6
Statystyki odpowiedzi
Powierzchnia Nazwa gminy % Poprawnych
(46,43 km²) Ostrowiec świętokrzyski
82%
113,56 km²(7,26km²) Kunów
77%
117,91 km² ( 13,34 km²) Ćmielów
68%
122,19 km² Bodzechów
64%
105,10 km² Bałtów
55%
111,62 km² Waśniów
55%
Nie znaleziono quizów pasujących do podanych kryteriów
Rozkład punktacji
Procent ludzi z każdym wynikiem
Percentyl według liczby udzielonych odpowiedzi
Twoja historia wyników
Nie rozwiązałeś tego quizu